Charakteristika kontroly technickej kvality výroby v štátnom podniku Pozemné stavby Banská Bystrica záverečná práca postgraduálneho štúdia

Gespeichert in:
Bibliographische Detailangaben
1. Verfasser: Ďuriančík, Marián
Körperschaft: Vysoká škola ekonomická v Bratislave
Weitere Verfasser: Pinka, Dušan
Format: Buch
Sprache:Slowakisch
Veröffentlicht: Bratislava 1989
Tags: Tag hinzufügen
Keine Tags, Fügen Sie das erste Tag hinzu!

MARC

LEADER 00000nam a2200000 4500
001 c031887
005 20221215070652.6
041 0 |a slo 
044 |a SK 
245 1 0 |a Charakteristika kontroly technickej kvality výroby v štátnom podniku Pozemné stavby Banská Bystrica  |b záverečná práca postgraduálneho štúdia  |c Marián Ďuriančík ; ved. práce Dušan Pinka 
264 1 |a Bratislava  |c 1989 
300 |a 51 s. 
100 1 |a Ďuriančík, Marián 
700 1 |a Pinka, Dušan 
710 2 |a Vysoká škola ekonomická v Bratislave